| 000 | 00912 a2200301 4500 | ||
|---|---|---|---|
| 999 |
_c200131264 _d36288 |
||
| 001 | 200131264 | ||
| 003 | TR-AnTOB | ||
| 005 | 20220920103628.0 | ||
| 007 | ta | ||
| 008 | 140121s2013 tu 000 0 | ||
| 020 | _a9786054534043 | ||
| 040 |
_aTR-AnTOB _beng _cTR-AnTOB _erda |
||
| 041 | 0 | _atur | |
| 050 | 0 | 0 |
_aD16 _b.T37 2011 |
| 090 |
_aD16 . _bT37 2011 |
||
| 245 | 1 | 0 |
_aTarih nasıl yazılır? : _btarihyazımı için çağdaş bir metodoloji / _ced. Ahmet Şimşek. |
| 264 |
_aistanbul : _bTarihçi Kitabevi, _c2011. |
||
| 300 |
_a231 p. : _c13 cm |
||
| 336 |
_2rdacontent _atext |
||
| 337 |
_2 rdamedia _aunmediated |
||
| 338 |
_2rdacarrier _avolume |
||
| 504 | _aIncludes bibliographical references and index. | ||
| 650 | 0 | 0 |
_aHistory _xMethodology _vCongresses _928673 |
| 650 | 7 |
_aTarih _xMetodoloji _2etuturkob _924357 |
|
| 700 | 1 |
_aŞimşek, Ahmet _979448 |
|
| 942 |
_cBK _2lcc |
||